Babka k babce... pomalými krokmi k splneniu si veľkých plánov
Sporenie na dôchodok. Možnosti sporenia a ich výhody. Ciele a dôvody sporenia.
Guardado en:
| Autor principal: | |
|---|---|
| Formato: | Capítulo de libro |
| Lenguaje: | eslovaco |
| Materias: | |
| Etiquetas: |
Sin Etiquetas, Sea el primero en etiquetar este registro!
|
MARC
| LEADER | 00000naa a2200000 4500 | ||
|---|---|---|---|
| 001 | 0165642 | ||
| 005 | 20240502072903.8 | ||
| 041 | 0 | |a slo | |
| 044 | |a SK | ||
| 245 | 1 | 0 | |a Babka k babce... |b pomalými krokmi k splneniu si veľkých plánov |c Pavel Škriniar |
| 520 | |a Sporenie na dôchodok. Možnosti sporenia a ich výhody. Ciele a dôvody sporenia. | ||
| 610 | 2 | 0 | |a sporenie obyvateľstva |
| 610 | 2 | 0 | |a dôchodky |
| 610 | 2 | 0 | |a účty bežné |
| 610 | 2 | 0 | |a účty termínové |
| 610 | 2 | 0 | |a sporenie stavebné |
| 610 | 2 | 0 | |a poistenie životné |
| 610 | 2 | 0 | |a fondy podielové |
| 100 | 1 | |a Škriniar, Pavel, 1979- | |